000 01023nac a22003377a 4500
001 BR0804860
003 BR-BrBNA
005 20240105123623.0
008 230509b bl.|||m| |||| 00| 0 por d
040 _aBR-BrBNA
_bpor
_cBiblioteca Nacional de Agricultura
072 _aP10
090 _a5300 BR0804860
100 1 _aP10
110 1 _aEMBRAPA Suínos e Aves, Concórdia, SC (Brasil)
245 1 _aImpacto ambiental da concentração de suínos na microbacia hidrográfica do Rio Fragosos
260 3 _aConcórdia, SC (Brasil):
_c2002.
300 _a8 p.
490 _aComunicado Técnico - EMBRAPA Suínos e Aves (Brazil)
_vno. 307
_xISSN 0100-8862
500 _a6 tables; 8 ref.
650 _aSUÍNO
650 _aSUINOCULTURA
650 _aMENEJO
650 _aDEJETO
650 _aDESENVOLVIMENTO TÉCNICO
650 _aTECNOLOGIA
650 _aMICROBACIA
650 _aHIDROGRAFIA
650 _aIMPACTO AMBIENTAL
909 _a202312
_bLúcia Elande
_c55
_dLúcia Elande
942 _2AGRIS
_n0
_cMS
999 _c296250
_d296250